Southville International School and Colleges
Your cart is empty.
  • Cart
  • Lists
    Public lists Eva Luna New books Lux_list list_1
    Your lists Log in to create your own lists
  • Log in to your account
  • Your cookies
  • Search history
Southville International School and Colleges
  • Advanced search
  • Recent comments
  • Most popular
  • Libraries

Log in to your account

Log in with GOOGLE


If you do not have an external account, but do have a local account, you can still log in:

  1. Home
  2. MARC view: God tells the man who cares /
Normal view MARC view ISBD view

God tells the man who cares / (Record no. 15071)

[ view plain ]
MARC details
000 -LEADER
fixed length control field 00968cam a2200301 a 4500
001 - CONTROL NUMBER
control field 1091035
003 - CONTROL NUMBER IDENTIFIER
control field OSt
005 - DATE AND TIME OF LATEST TRANSACTION
control field 20140310182647.0
008 - FIXED-LENGTH DATA ELEMENTS--GENERAL INFORMATION
fixed length control field 930112s1994 pau 000 0 eng
010 ## - LIBRARY OF CONGRESS CONTROL NUMBER
LC control number 92074655
020 ## - INTERNATIONAL STANDARD BOOK NUMBER
International Standard Book Number 1850781494
040 ## - CATALOGING SOURCE
Original cataloging agency DLC
Transcribing agency DLC
050 00 - LIBRARY OF CONGRESS CALL NUMBER
Classification number BV 4832
Item number .T757 1973
082 00 - DEWEY DECIMAL CLASSIFICATION NUMBER
Classification number M 242
Item number T66 1973
100 1# - MAIN ENTRY--PERSONAL NAME
Personal name Tozer, A. W.
Fuller form of name (Aiden Wilson),
Dates associated with a name 1897-1963.
245 10 - TITLE STATEMENT
Title God tells the man who cares /
Statement of responsibility, etc Tozer, A.W. ; compiled by Anita M. Bailey.
260 ## - PUBLICATION, DISTRIBUTION, ETC. (IMPRINT)
Place of publication, distribution, etc Camp Hill, PA :
Name of publisher, distributor, etc Christian Publications,
Date of publication, distribution, etc c1994
300 ## - PHYSICAL DESCRIPTION
Extent 214 p. ;
Dimensions 22 cm.
521 ## - TARGET AUDIENCE NOTE
Target audience note
526 ## - STUDY PROGRAM INFORMATION NOTE
Reading level 1210L to 1700L
541 ## - IMMEDIATE SOURCE OF ACQUISITION NOTE
-- 1
562 ## - COPY AND VERSION IDENTIFICATION NOTE
Number of copies for circulation. 1 copy available in the collection
650 #0 - SUBJECT ADDED ENTRY--TOPICAL TERM
Topical term or geographic name as entry element Meditations.
700 1# - ADDED ENTRY--PERSONAL NAME
Personal name Bailey, Anita M.
906 ## - LOCAL DATA ELEMENT F, LDF (RLIN)
a 7
b cbc
c orignew
d 2
e opcn
f 19
g y-gencatlg
942 ## - ADDED ENTRY ELEMENTS (KOHA)
Source of classification or shelving scheme Library of Congress Classification
Koha item type Books
Call number prefix
Holdings
Withdrawn status Lost status Source of classification or shelving scheme Damaged status Home library Current library Shelving location Date acquired Total Checkouts Full call number Barcode Date last seen Date checked out Copy number Price effective from Koha item type Public note
    Library of Congress Classification   College Library College Library General Circulation Section 04/18/2012 1 BV 4832 .T757 1973 C1716 08/28/2014 08/20/2014 1 04/18/2012 Books On loan to Steinar, Andreassen (Athena)

God tells the man who cares /

APA

Tozer A. W., Bailey A. M., . (1994). God tells the man who cares. Camp Hill, PA: Christian Publications.

Chicago

Tozer A W, Bailey Anita M, . 1994. God tells the man who cares. Camp Hill, PA: Christian Publications.

Harvard

Tozer A. W., Bailey A. M., . (1994). God tells the man who cares. Camp Hill, PA: Christian Publications.

MLA

Tozer A W, Bailey Anita M, . God tells the man who cares. Camp Hill, PA: Christian Publications. 1994.

  • Place hold
  • Print
  • Cite
  • Add to your cart (remove)
  • Save record
    BIBTEX Dublin Core MARCXML MARC (non-Unicode/MARC-8) MARC (Unicode/UTF-8) MARC (Unicode/UTF-8, Standard) MODS (XML) RIS
  • More searches
    Search for this title in:
    Other Libraries (WorldCat) Other Databases (Google Scholar) Online Stores (Bookfinder.com) Open Library (openlibrary.org)

Exporting to Dublin Core...

SOUTHVILLE LIBRARY

Southville International School and Colleges Library

1281 Tropical Ave. Cor. Luxembourg St., BF Homes International, Las Pinas City

Tel. No. 8256374 / 252358 Loc. 117/146

Powered by Koha